[Event "World Rapid Women 2025"]
[Site "Doha QAT"]
[Date "2025.12.28"]
[Round "9.16"]
[White "Nurman, Alua"]
[Black "Injac, Teodora"]
[Result "1/2-1/2"]
[WhiteTitle "WGM"]
[BlackTitle "IM"]
[WhiteElo "2367"]
[BlackElo "2421"]
[WhiteFideId "13729390"]
[BlackFideId "932400"]
[EventDate "2025.12.26"]

1. e4 e5 2. Nf3 Nc6 3. Bb5 a6 4. Ba4 d6 5. O-O Nf6 6. Re1 Bd7 7. Bxc6 Bxc6 8. d4
Be7 9. Nc3 exd4 10. Nxd4 Bd7 11. Qf3 O-O 12. h3 b5 13. a3 Re8 14. Bf4 c5 15. Nb3
a5 16. e5 dxe5 17. Bxe5 b4 18. Bxf6 Bxf6 19. Rxe8+ Qxe8 20. Nd5 Bxb2 21. Rb1 Rd8
22. axb4 axb4 23. Nxc5 Bc6 24. Ne7+ Qxe7 25. Qxc6 Bd4 26. Nd3 Qe2 27. Qc7 Rf8
28. Qc6 Bc3 29. Qa4 h6 30. Qb3 Re8 31. Nxb4 Bxb4 32. Qxb4 Qxc2 33. Re1 Rxe1+ 34.
Qxe1 1/2-1/2

[Event "World Rapid Women 2025"]
[Site "Doha QAT"]
[Date "2025.12.28"]
[Round "9.17"]
[White "Shuvalova, Polina"]
[Black "Padmini, Rout"]
[Result "1-0"]
[WhiteTitle "IM"]
[BlackTitle "IM"]
[WhiteElo "2502"]
[BlackElo "2354"]
[WhiteFideId "24171760"]
[BlackFideId "5029295"]
[EventDate "2025.12.26"]

1. e4 e5 2. Nf3 Nc6 3. Bc4 Nf6 4. d3 Be7 5. O-O O-O 6. Re1 d6 7. c3 Na5 8. Bb5
Bd7 9. Bxd7 Qxd7 10. d4 Nc6 11. d5 Nb8 12. c4 a5 13. c5 Na6 14. cxd6 cxd6 15.
Nc3 b5 16. Be3 Ng4 17. Bd2 Nc5 18. Qb1 b4 19. Ne2 f5 20. exf5 Qxf5 21. Qxf5 Rxf5
22. Ng3 Rff8 23. Re2 Nd3 24. Ne4 Rfc8 25. Bg5 Nf6 26. Rd1 Nc5 27. Bxf6 gxf6 28.
Ng3 Nd7 29. Nd4 Bf8 30. Ne6 Rc4 31. b3 Rc3 32. Ne4 Rcc8 33. Nxf8 Kxf8 34. Nxd6
Rc7 35. g3 Nb6 36. Nf5 Rd8 37. d6 Rc6 38. Rd3 Kf7 39. Kg2 Rd7 40. g4 Nc8 41. Rd5
Nxd6 42. Red2 Ke6 43. f3 h5 44. Rxd6+ Rcxd6 45. Rxd6+ Rxd6 46. Nxd6 Kxd6 47.
gxh5 Ke6 48. Kg3 f5 49. Kh4 Kf6 50. h3 e4 51. fxe4 fxe4 52. Kg4 1-0

[Event "World Rapid Women 2025"]
[Site "Doha QAT"]
[Date "2025.12.28"]
[Round "9.18"]
[White "Kairbekova, Amina"]
[Black "Vaishali, Rameshbabu"]
[Result "0-1"]
[WhiteTitle "WGM"]
[BlackTitle "GM"]
[WhiteElo "2353"]
[BlackElo "2473"]
[WhiteFideId "13712799"]
[BlackFideId "5091756"]
[EventDate "2025.12.26"]

1. e4 c5 2. Nf3 e6 3. d4 cxd4 4. Nxd4 Nc6 5. Nc3 Bc5 6. Ndb5 Nf6 7. Bf4 O-O 8.
Bc7 Qe7 9. Bd6 Bxd6 10. Qxd6 Qd8 11. O-O-O a6 12. Nd4 Ne7 13. h4 b5 14. h5 h6
15. g4 Bb7 16. f3 Re8 17. Bd3 Qb8 18. Qxb8 Raxb8 19. Rdg1 e5 20. Nb3 Nh7 21. Rd1
d6 22. Be2 b4 23. Nb1 d5 24. Nc5 dxe4 25. fxe4 Ng5 26. Nxb7 Rxb7 27. Bxa6 Rc7
28. Bd3 Nc6 29. Nd2 Nd4 30. Nb3 Nde6 31. Kd2 Ra8 32. Ra1 Rca7 33. a3 bxa3 34.
bxa3 Rxa3 35. Rxa3 Rxa3 36. Ke3 Kf8 37. Rb1 Ke7 38. Nd2 Ra7 39. Nc4 f6 40. Nb6
Kf7 41. Nd5 Nc5 42. Bc4 Nge6 43. Rb5 Ra4 44. Nb6 Ra3+ 45. Ke2 Nxe4 46. Rb3 Rxb3
47. cxb3 Ke7 48. Nc8+ Kd7 49. Nb6+ Kd6 50. Nc8+ Kd7 51. Nb6+ Kc7 52. Nd5+ Kd6
53. Ne3 Nd4+ 54. Kd3 Nc5+ 55. Kc3 Kc6 56. Bd5+ Kb5 57. Bc4+ Kb6 58. Bd5 Nb5+ 59.
Kc4 Nd6+ 60. Kc3 Na6 61. b4 Nc7 62. Bg8 Ncb5+ 63. Kd3 Nd4 64. Kc3 Kb5 65. Bd5
Ka4 66. Bc4 Ka3 67. Bd3 Ka4 68. Bc4 Nc6 69. Nc2 Ne4+ 70. Kd3 Nxb4+ 71. Kxe4 Nxc2
72. Bd3 Nd4 73. Kd5 Kb4 74. Kd6 Kc3 75. Be4 Kd2 76. Ke7 Ke3 77. Bg6 Kf4 78. Kf7
Kxg4 79. Kxg7 Kg5 0-1

[Event "World Rapid Women 2025"]
[Site "Doha QAT"]
[Date "2025.12.28"]
[Round "9.19"]
[White "Munkhzul, Turmunkh"]
[Black "Mamedjarova, Turkan"]
[Result "1-0"]
[WhiteTitle "WGM"]
[BlackTitle "WGM"]
[WhiteElo "2271"]
[BlackElo "2216"]
[WhiteFideId "4901878"]
[BlackFideId "13402005"]
[EventDate "2025.12.26"]

1. Nf3 d5 2. g3 Nf6 3. Bg2 Bf5 4. d3 e6 5. O-O h6 6. c4 c6 7. Qb3 b6 8. cxd5
exd5 9. Nd4 Bh7 10. Bf4 Bd6 11. Bxd6 Qxd6 12. Nc3 O-O 13. Rac1 Qe5 14. Nf3 Qd6
15. d4 Nbd7 16. Rfd1 Rfe8 17. e3 Bf5 18. Ne2 Ne4 19. Nf4 a5 20. Qc2 Rac8 21. Qe2
Bg4 22. h3 Bf5 23. Nd3 c5 24. Nde5 Nxe5 25. Nxe5 f6 26. Nf3 c4 27. Nh4 Bd7 28.
Qh5 b5 29. Ng6 b4 30. Nf4 f5 31. Ng6 c3 32. Bxe4 dxe4 33. bxc3 bxc3 34. Ne5 Be6
35. Rxc3 Rb8 36. Rc6 Qd5 37. Qg6 Re7 38. Rc5 Qxa2 39. Nc6 Rbe8 40. Nxe7+ Rxe7
41. d5 Bd7 42. Rdc1 Re8 43. Qd6 Qa4 44. Rc7 1-0

[Event "World Rapid Women 2025"]
[Site "Doha QAT"]
[Date "2025.12.28"]
[Round "9.20"]
[White "Khotenashvili, Bella"]
[Black "Nurgaliyeva, Zarina"]
[Result "1-0"]
[WhiteTitle "GM"]
[BlackTitle "WIM"]
[WhiteElo "2426"]
[BlackElo "2305"]
[WhiteFideId "13602640"]
[BlackFideId "13730096"]
[EventDate "2025.12.26"]

1. Nf3 Nf6 2. c4 e6 3. b3 d5 4. Bb2 Nc6 5. g3 d4 6. Bg2 Bc5 7. O-O O-O 8. d3 e5
9. Na3 h6 10. Nc2 Re8 11. a3 a5 12. Nd2 Bf5 13. Ne4 Bxe4 14. dxe4 Rb8 15. Ne1
Bd6 16. Nd3 Nd7 17. Bc1 Nc5 18. Qc2 Qe7 19. Rd1 b5 20. Nxc5 Bxc5 21. cxb5 Rxb5
22. Rd3 Reb8 23. Bh3 Nd8 24. Bg4 Nb7 25. Bd2 Bd6 26. b4 axb4 27. axb4 Bxb4 28.
Bxb4 Rxb4 29. Rda3 Nd6 30. h4 Nb5 31. Ra8 Nc3 32. Qd3 Qf8 33. R8a7 Rb1+ 34. Rxb1
Rxb1+ 35. Kg2 Qc5 36. Ra8+ Kh7 37. h5 Qc6 38. Rf8 Rd1 39. Qf3 Qc4 40. Qf5+ g6
41. Rxf7+ 1-0

[Event "World Rapid Women 2025"]
[Site "Doha QAT"]
[Date "2025.12.28"]
[Round "9.21"]
[White "Badelka, Olga"]
[Black "Ju, Wenjun"]
[Result "0-1"]
[WhiteTitle "IM"]
[BlackTitle "GM"]
[WhiteElo "2395"]
[BlackElo "2565"]
[WhiteFideId "13509926"]
[BlackFideId "8603006"]
[EventDate "2025.12.26"]

1. d4 Nf6 2. Nf3 e6 3. e3 d5 4. Bd3 c5 5. b3 b6 6. O-O Be7 7. Bb2 O-O 8. Nbd2
Bb7 9. Ne5 Nbd7 10. f4 Rc8 11. f5 cxd4 12. exd4 exf5 13. Bxf5 g6 14. Bd3 Qc7 15.
Qe2 Rce8 16. Rae1 Bd6 17. Ndf3 Ne4 18. Bb5 Nxe5 19. dxe5 Bc5+ 20. Kh1 Re6 21. a3
a5 22. Bd3 f5 23. c4 Rfe8 24. cxd5 Bxd5 25. Bxe4 fxe4 26. Ng5 Rxe5 27. Bxe5 Rxe5
28. Qg4 Qe7 29. h4 e3 30. b4 axb4 31. axb4 Bxb4 32. Rc1 e2 33. Qc8+ Kg7 34. Rfe1
Bxe1 35. Rc7 Bxh4 36. Rxe7+ Rxe7 37. Qc3+ Kh6 38. Nf7+ Bxf7 39. Qd2+ Kg7 0-1

[Event "World Rapid Women 2025"]
[Site "Doha QAT"]
[Date "2025.12.28"]
[Round "9.22"]
[White "Assaubayeva, Bibisara"]
[Black "Omonova, Umida"]
[Result "0-1"]
[WhiteTitle "GM"]
[BlackTitle "WIM"]
[WhiteElo "2497"]
[BlackElo "2294"]
[WhiteFideId "13708694"]
[BlackFideId "14210363"]
[EventDate "2025.12.26"]

1. c4 e5 2. Nc3 Bb4 3. Nd5 a5 4. a3 Bc5 5. Nf3 e4 6. d4 Ba7 7. Bg5 f6 8. Bf4 d6
9. Nd2 f5 10. e3 c6 11. Nc3 Nf6 12. Be2 O-O 13. b4 Na6 14. Qb3 Nc7 15. c5+ d5
16. b5 Ne6 17. Bd6 Rf7 18. g3 Ne8 19. Be5 Qe7 20. b6 Bb8 21. Bxb8 Rxb8 22. h4
Nf6 23. Qa4 Ra8 24. Nb3 h6 25. h5 Kh7 26. Nb1 Ng4 27. N1d2 Qg5 28. Bxg4 fxg4 29.
Rh2 Rf5 30. Nxa5 Qf6 31. Qb4 Ng5 32. Ra2 Nh3 33. Nf1 Rxh5 34. Nb3 Rf5 35. Rxh3
gxh3 36. Nh2 h5 37. Nd2 h4 38. Ndf1 Bd7 39. Qb1 Qg6 40. gxh4 Raf8 41. f4 exf3
42. Rf2 R5f6 43. Qxg6+ Kxg6 44. Nd2 Ra8 45. Ndxf3 Kf7 46. Ne5+ Ke7 47. Ra2 Ra4
48. Ke2 Bf5 49. Ra1 Be4 50. Nhg4 Rf8 51. h5 Rfa8 52. Rf1 Rxa3 53. Rf7+ Ke6 54.
h6 Ra2+ 55. Kf1 h2 56. Nxh2 Rxh2 0-1

[Event "World Rapid Women 2025"]
[Site "Doha QAT"]
[Date "2025.12.28"]
[Round "9.23"]
[White "Krush, Irina"]
[Black "Zhang, Lanlin"]
[Result "0-1"]
[WhiteTitle "GM"]
[BlackTitle "WIM"]
[WhiteElo "2402"]
[BlackElo "2291"]
[WhiteFideId "2012782"]
[BlackFideId "8608032"]
[EventDate "2025.12.26"]

1. d4 Nf6 2. Nf3 e6 3. e3 d5 4. Bd3 Be7 5. b3 O-O 6. Bb2 b6 7. Nbd2 Bb7 8. Ne5
Nbd7 9. f4 Ne4 10. Nxd7 Qxd7 11. Nxe4 dxe4 12. Be2 Rad8 13. O-O c5 14. Qd2 Qc6
15. c3 Bf6 16. Rac1 g6 17. Qe1 Bg7 18. g4 Qd6 19. h4 cxd4 20. cxd4 Rc8 21. g5 f6
22. Bc3 a5 23. Qd2 Qd7 24. Kh2 h6 25. Rg1 hxg5 26. hxg5 f5 27. Rc2 Kf7 28. Kg2
Rh8 29. Rh1 Rxh1 30. Kxh1 Qc7 31. Rc1 Qxf4 32. exf4 e3+ 33. Kh2 exd2 34. Bxd2
Bxd4 35. Rxc8 Bxc8 36. b4 a4 37. Bb5 a3 38. Bc6 e5 39. Bd5+ Be6 40. Bxe6+ Kxe6
41. b5 e4 42. Bb4 Bb2 43. Bd2 Kd5 44. Be3 Bd4 45. Bc1 Bc5 0-1

[Event "World Rapid Women 2025"]
[Site "Doha QAT"]
[Date "2025.12.28"]
[Round "9.24"]
[White "Garifullina, Leya"]
[Black "Buksa, Nataliya"]
[Result "1/2-1/2"]
[WhiteTitle "IM"]
[BlackTitle "IM"]
[WhiteElo "2454"]
[BlackElo "2397"]
[WhiteFideId "34127035"]
[BlackFideId "14123622"]
[EventDate "2025.12.26"]

1. e4 c5 2. Nf3 Nc6 3. d4 cxd4 4. Nxd4 Nf6 5. Nc3 e5 6. Ndb5 d6 7. Nd5 Nxd5 8.
exd5 Ne7 9. c4 Ng6 10. Qa4 Bd7 11. Qb4 Bf5 12. h4 h5 13. Bg5 Qb8 14. Be2 a6 15.
Nc3 Qc7 16. Be3 Be7 17. g3 e4 18. Qa4+ Bd7 19. Qd1 O-O 20. Nxe4 Rfe8 21. Nd2 Bf6
22. Qc2 b5 23. Bxh5 bxc4 24. Bxg6 fxg6 25. O-O c3 26. bxc3 Bf5 27. Qa4 Qxc3 28.
Rac1 Qd3 29. Nc4 Qxd5 30. Qd1 Qe6 31. Qxd6 Qf7 32. Qf4 Re4 33. Nd6 Rxf4 34. Nxf7
Ra4 35. Nd6 Be6 36. Rfd1 Bxa2 37. Nc8 Rb8 38. Nb6 Ra5 39. Nd7 Rb7 40. Rc8+ Kf7
41. Bc5 Rb1 42. Rxb1 Bxb1 43. Nxf6 gxf6 44. Bd4 Be4 45. g4 Ra4 46. Rd8 Ke7 47.
Bb6 Bf3 48. Rd4 Rxd4 49. Bxd4 Bxg4 50. Kf1 f5 51. Ke1 Kd6 52. Kd2 Kd5 53. Bf6
Kc4 54. Kc2 a5 55. Kb2 Bf3 56. Ka3 Bc6 57. Bd8 a4 58. Bc7 Kd3 59. Bb6 Ke2 60.
Bc5 Kf3 61. Bb6 Kg4 62. Bd8 f4 63. Bc7 Kf3 64. Kb4 Kg4 65. Ka3 Kf3 66. Kb4 1/2-1/2

[Event "World Rapid Women 2025"]
[Site "Doha QAT"]
[Date "2025.12.28"]
[Round "9.25"]
[White "Pham, Le Thao Nguyen"]
[Black "Shukhman, Anna"]
[Result "1/2-1/2"]
[WhiteTitle "IM"]
[BlackTitle "WGM"]
[WhiteElo "2348"]
[BlackElo "2431"]
[WhiteFideId "12401226"]
[BlackFideId "54180058"]
[EventDate "2025.12.26"]

1. d4 Nf6 2. Nf3 g6 3. g3 Bg7 4. Bg2 O-O 5. O-O d5 6. c4 c6 7. Qb3 a5 8. cxd5 a4
9. Qa3 Nxd5 10. e4 Nc7 11. Be3 Nb5 12. Qd3 Nxd4 13. Nxd4 c5 14. Rd1 cxd4 15.
Bxd4 Bg4 16. f3 Be6 17. Bxg7 Qxd3 18. Rxd3 Kxg7 19. Nc3 a3 20. Rb1 Nc6 21. Nd5
Bxd5 22. exd5 Nb4 23. Rxa3 Nxd5 24. f4 e6 25. Bxd5 exd5 26. Rd3 Rfc8 27. a3 Rc2
28. Rf3 Kf6 29. Rf2 Rac8 30. Rbf1 Rxf2 31. Rxf2 Ke6 32. Kg2 d4 33. Kf3 Kd5 34.
Re2 Rc7 35. Re5+ Kc4 36. Ke2 Kb3 37. Kd3 Kxb2 38. a4 Kb3 39. a5 Rd7 40. h4 Kb4
41. h5 f6 42. Re6 gxh5 43. a6 b5 44. Rb6 Kc5 45. Rb7 Rd8 46. a7 Ra8 47. Rxh7 Kb6
48. Rxh5 Rxa7 49. Rf5 Ra3+ 50. Kxd4 Rxg3 51. Rxf6+ Ka5 1/2-1/2

[Event "World Rapid Women 2025"]
[Site "Doha QAT"]
[Date "2025.12.28"]
[Round "9.26"]
[White "Salimova, Nurgyul"]
[Black "Bivol, Alina"]
[Result "0-1"]
[WhiteTitle "IM"]
[BlackTitle "IM"]
[WhiteElo "2396"]
[BlackElo "2360"]
[WhiteFideId "2915138"]
[BlackFideId "4100123"]
[EventDate "2025.12.26"]

1. d4 Nf6 2. Nf3 b6 3. g3 Bb7 4. Bg2 g6 5. O-O Bg7 6. c4 O-O 7. d5 Na6 8. Nc3
Nc5 9. Qc2 e6 10. Rd1 exd5 11. cxd5 Re8 12. Nd4 a5 13. Bf4 d6 14. Rac1 h6 15.
Ndb5 Qd7 16. b3 Re7 17. Nd4 Rae8 18. Nc6 Bxc6 19. dxc6 Qc8 20. Re1 g5 21. Bd2
Nce4 22. f3 Nxd2 23. Qxd2 d5 24. e4 dxe4 25. fxe4 Re5 26. a4 Qe6 27. Rf1 Bf8 28.
Nb5 Bb4 29. Qd3 Rc8 30. Na7 Rf8 31. Nb5 Bc5+ 32. Kh1 Qxc6 33. Rf5 Ng4 34. Rcf1
Rxf5 35. exf5 Qf6 36. Qf3 Ne3 37. Re1 Nxg2 38. Kxg2 c6 39. Nc3 Rd8 40. Ne4 Qe5
41. Re2 Qd4 42. Kh3 Qd1 43. Nf6+ Kg7 44. Nh5+ Kf8 45. Nf6 Qd6 46. Ne4 Qd3 47.
Qh5 Bd4 48. Qxh6+ Bg7 49. Qxg5 Rd5 50. Qg4 Rd4 51. f6 Bxf6 52. Qc8+ Bd8 53. Qg4
Qxb3 54. Kg2 Qd5 55. Qf3 f5 56. Nf2 Qxf3+ 57. Kxf3 Rxa4 58. Re5 Ra3+ 59. Ke2 a4
60. Rxf5+ Kg7 61. Nd3 Ra2+ 62. Ke3 b5 63. Nb4 Bb6+ 64. Kd3 Rxh2 65. Nxc6 a3 66.
Nb4 Rb2 67. Nc2 a2 68. Rf1 Rb1 69. Rf5 Bd8 70. Rd5 Bf6 71. Rd7+ Kg6 72. Ra7 Rb2
73. Nb4 Rxb4 74. Rxa2 Rg4 75. Ra5 b4 0-1

[Event "World Rapid Women 2025"]
[Site "Doha QAT"]
[Date "2025.12.28"]
[Round "9.27"]
[White "Berend, Elvira"]
[Black "Danielian, Elina"]
[Result "1/2-1/2"]
[WhiteTitle "WGM"]
[BlackTitle "GM"]
[WhiteElo "2265"]
[BlackElo "2408"]
[WhiteFideId "4000510"]
[BlackFideId "13300210"]
[EventDate "2025.12.26"]

1. e4 d6 2. d4 Nf6 3. Nc3 g6 4. Be3 c6 5. f3 Nbd7 6. Nge2 b5 7. d5 cxd5 8. Nxd5
Bb7 9. Nec3 a6 10. a4 bxa4 11. Nxf6+ Nxf6 12. Rxa4 Bg7 13. Bc4 O-O 14. O-O Qc7
15. Qe2 Rfb8 16. Bb3 e6 17. Rd1 Rd8 18. Rc4 Qe7 19. Bb6 Rdc8 20. Rxc8+ Rxc8 21.
Qd3 Nd7 22. Be3 Bf8 23. Na4 Ne5 24. Qe2 Bg7 25. Bd4 h5 26. Nb6 Rd8 27. Nc4 Nxc4
28. Bxg7 Kxg7 29. Bxc4 Qc7 30. b3 a5 31. Qe3 a4 32. Ra1 axb3 33. Bxb3 d5 34.
exd5 Bxd5 35. Ra7 Qb8 36. c4 Bc6 37. Ra1 Qb4 38. h4 Rb8 39. Qd4+ Kg8 40. Bc2 Qb2
41. Qxb2 Rxb2 42. Bd3 Rd2 43. Bf1 Kf8 44. Ra6 Bd7 45. Ra7 Ke8 46. Rb7 Rc2 47.
Bd3 Rc3 48. Be2 e5 49. Kf2 Be6 50. g3 Rc2 51. Rb4 Ke7 52. Ke3 Kd6 53. Ra4 Rc1
54. Ra6+ Ke7 55. Ra5 Kf6 56. Ra6 Ke7 57. Ra5 f6 58. Ra7+ Kd6 59. Ra6+ Ke7 60.
Ra7+ Kd6 61. Ra6+ Ke7 1/2-1/2

[Event "World Rapid Women 2025"]
[Site "Doha QAT"]
[Date "2025.12.28"]
[Round "9.28"]
[White "Beydullayeva, Govhar"]
[Black "Preobrazhenskaya, Diana"]
[Result "0-1"]
[WhiteTitle "WGM"]
[BlackTitle "WFM"]
[WhiteElo "2364"]
[BlackElo "2131"]
[WhiteFideId "13413015"]
[BlackFideId "34270566"]
[EventDate "2025.12.26"]

1. d4 Nf6 2. c4 e6 3. Nc3 Bb4 4. e3 O-O 5. Bd3 c5 6. Ne2 d5 7. cxd5 Nxd5 8. O-O
cxd4 9. exd4 Nc6 10. a3 Ba5 11. Ne4 h6 12. Bc2 Bc7 13. Qd3 f5 14. Nd2 Qf6 15.
Nf3 b6 16. Bb3 Nce7 17. Nc3 Bb7 18. Re1 Rad8 19. Qe2 Kf7 20. Bd2 Rfe8 21. Rac1
Bb8 22. Ba4 Rg8 23. Bb3 Rge8 24. Ba4 Rf8 25. Nxd5 Bxd5 26. Bb4 Kg8 27. Ne5 Bxe5
28. dxe5 Qg6 29. f3 Rf7 30. Rc7 Nc8 31. Rec1 Rxc7 32. Rxc7 a5 33. Be1 Qg5 34.
Bc2 Re8 35. Qd2 Qd8 36. Rc3 Ne7 37. Ba4 b5 38. Bd1 Nc6 39. f4 Be4 40. Be2 Nd4
41. Qe3 b4 42. axb4 axb4 43. Rc1 Nxe2+ 44. Qxe2 b3 45. Ra1 Qc7 46. Bc3 Rd8 47.
h3 Qb7 48. Qf2 Rd7 49. Kh2 Kh7 50. Ra4 Qc6 51. Ra3 Qc4 52. Ra5 Qd3 53. Ra1 Rc7
54. Qg3 Qe2 55. Re1 Qc2 56. Re3 Rd7 57. h4 Qd1 58. Re1 Qh5 59. Qf2 Rd3 60. Re3
Rxe3 61. Qxe3 Qxh4+ 62. Kg1 Qg4 63. Qd2 h5 64. Qf2 h4 65. Kh2 Kg6 66. Bb4 Kh5
67. Be7 Bd5 68. Bd8 Bc6 69. Be7 Be4 70. Bd8 h3 71. gxh3 Qd1 72. Be7 Qh1+ 73. Kg3
Qc1 74. Bb4 Kg6 75. Bc3 Qh1 76. h4 Kh5 77. Qe2+ Kh6 78. Bd4 Bd5 79. Bb6 Qc1 80.
Bd4 Bc4 81. Qe3 Qd1 82. Qf2 Be2 83. Bc5 Bg4 84. Qd4 Qf3+ 85. Kh2 Qh3+ 86. Kg1
Qg3+ 87. Kf1 Qxh4 88. Qe3 Qh1+ 89. Qg1 Qd5 90. Qh2+ Kg6 91. Be3 Qd3+ 92. Kf2
Qe2+ 93. Kg3 Qxe3+ 94. Kh4 Qe1+ 0-1

[Event "World Rapid Women 2025"]
[Site "Doha QAT"]
[Date "2025.12.28"]
[Round "9.29"]
[White "Mkrtchian, Lilit"]
[Black "Lyutsinger, Iren"]
[Result "1-0"]
[WhiteTitle "IM"]
[BlackTitle "FM"]
[WhiteElo "2366"]
[BlackElo "2169"]
[WhiteFideId "13300601"]
[BlackFideId "34425969"]
[EventDate "2025.12.26"]

1. Nf3 Nf6 2. g3 g6 3. Bg2 Bg7 4. O-O O-O 5. d4 d6 6. Re1 d5 7. c4 c6 8. Qb3 a5
9. Nc3 a4 10. Qb4 dxc4 11. Qxc4 b5 12. Qd3 b4 13. Ne4 Nxe4 14. Qxe4 Be6 15. Qh4
f6 16. Qe4 Bf7 17. Bd2 a3 18. b3 Qd6 19. Rac1 Bd5 20. Qc2 f5 21. Bf4 Qd8 22. Ne5
Bxg2 23. Kxg2 Qd5+ 24. f3 Kh8 25. Red1 Qe6 26. Qc4 Qf6 27. Qxb4 g5 28. Be3 f4
29. Bf2 Qf5 30. Qxe7 Na6 31. g4 Qf6 32. Qxf6 Rxf6 33. Nxc6 Re6 34. Kf1 Rae8 35.
Rc2 Rd6 36. b4 Rxc6 37. Rxc6 Nxb4 38. Rc3 Ra8 39. Rb1 Bf8 40. Rcb3 Nxa2 41. Rb8
Rxb8 42. Rxb8 Kg7 43. d5 Nb4 44. Bd4+ Kf7 45. Rb7+ Ke8 46. Rxh7 Nxd5 47. Ra7 Bb4
48. Kg2 Kd8 49. h4 gxh4 50. Kh3 Kc8 51. g5 Kb8 52. Ra4 Kb7 53. g6 Bf8 54. g7
Bxg7 55. Bxg7 1-0

[Event "World Rapid Women 2025"]
[Site "Doha QAT"]
[Date "2025.12.28"]
[Round "9.30"]
[White "Maltsevskaya, Aleksandra"]
[Black "Francisco Guecamburu, Candela Be"]
[Result "1-0"]
[WhiteTitle "IM"]
[BlackTitle "WGM"]
[WhiteElo "2398"]
[BlackElo "2238"]
[WhiteFideId "24174041"]
[BlackFideId "160911"]
[EventDate "2025.12.26"]

1. e4 e5 2. Bc4 Nf6 3. Nc3 Nxe4 4. Qh5 Nd6 5. Bb3 Be7 6. f4 g6 7. Qh3 exf4 8. d4
Nf5 9. Bxf4 O-O 10. O-O-O Bg5 11. Bxg5 Qxg5+ 12. Kb1 c6 13. g4 Nh6 14. Nf3 Qxg4
15. Qxh6 Qxf3 16. Rdf1 Qg4 17. Rxf7 Rxf7 18. Bxf7+ Kxf7 19. Rf1+ Qf5 20. Rxf5+
gxf5 21. Qxh7+ Ke6 22. Qg8+ 1-0

[Event "World Rapid Women 2025"]
[Site "Doha QAT"]
[Date "2025.12.28"]
[Round "9.31"]
[White "Khafizova, Diana"]
[Black "Yip, Carissa"]
[Result "1-0"]
[WhiteTitle "WFM"]
[BlackTitle "IM"]
[WhiteElo "2234"]
[BlackElo "2459"]
[WhiteFideId "34378049"]
[BlackFideId "2090732"]
[EventDate "2025.12.26"]

1. d4 g6 2. c4 Bg7 3. Nc3 d6 4. e4 Nf6 5. Nf3 O-O 6. Be2 Nbd7 7. O-O e5 8. Be3
Qe7 9. dxe5 dxe5 10. Nd5 Qd8 11. Qc2 Ng4 12. Bg5 f6 13. Bd2 c6 14. Ne3 Nc5 15.
Rad1 Qe7 16. b4 Nxe3 17. Bxe3 Ne6 18. c5 a5 19. a3 f5 20. Bc4 f4 21. Bd2 Kh8 22.
Bc3 Nc7 23. h3 g5 24. Qb2 Re8 25. Rd6 h5 26. Rg6 g4 27. Rxg7 Kxg7 28. Bxe5+ Kg6
29. Bd6 Qxe4 30. Nh4+ Kh7 31. Ba2 Qe2 32. Bb1+ Kg8 33. Qf6 Ne6 34. Nf5 1-0

[Event "World Rapid Women 2025"]
[Site "Doha QAT"]
[Date "2025.12.28"]
[Round "9.32"]
[White "Priyanka, Nutakki"]
[Black "Zhu, Chen"]
[Result "1/2-1/2"]
[WhiteTitle "WGM"]
[BlackTitle "GM"]
[WhiteElo "2292"]
[BlackElo "2423"]
[WhiteFideId "25049615"]
[BlackFideId "8600546"]
[EventDate "2025.12.26"]

1. d4 d5 2. c4 c6 3. Nc3 Nf6 4. e3 e6 5. Nf3 Nbd7 6. Be2 Bd6 7. O-O O-O 8. b3
dxc4 9. bxc4 e5 10. Bb2 exd4 11. exd4 Re8 12. Re1 Nf8 13. Qc2 Bg4 14. h3 Bh5 15.
Rad1 Ne6 16. Ne5 Bxe2 17. Nxe2 Qc7 18. Nf3 Bb4 19. Rf1 Nf4 20. Ng3 N6h5 21. Nxh5
Nxh5 22. d5 cxd5 23. Rxd5 Nf4 24. Be5 Rxe5 25. Rxe5 Bd6 26. Re4 Ne6 27. Rfe1 Bc5
28. Qe2 h6 29. Rg4 Bb4 30. Rb1 Bd6 31. Qd2 Kh8 32. Qd5 Rb8 33. Nd4 Nf4 34. Qf3
Re8 35. Nb5 Ne2+ 36. Kh1 Qe7 37. Nxd6 Qxd6 38. Qxf7 Rg8 39. Qf3 Qd2 40. Qxb7 Nc3
41. Rf1 Qe2 42. Kg1 Qxa2 43. Qf3 Qc2 44. c5 a5 45. c6 a4 46. Qf7 Ne2+ 47. Kh1
Qxc6 48. Re1 Qc2 49. Qc4 Nc3 50. Qd4 a3 51. Re8 Qd1+ 52. Qxd1 Nxd1 53. Rxg8+
Kxg8 54. Ra4 Nxf2+ 55. Kg1 Nd3 56. Rxa3 Nf4 57. Kf2 Kh7 58. Kf3 Ne6 59. Ra6 Nc5
60. Rd6 Kg8 61. Ke3 Kf7 62. Kd4 Ne6+ 63. Ke5 Nf8 64. Kf5 Ke7 65. Ra6 Kf7 66.
Ra7+ Kg8 67. g4 Kh7 68. h4 Ng6 69. h5 Nf8 70. Rb7 Kg8 71. Re7 Kh7 72. g5 hxg5
73. Kxg5 Kh8 74. Kf5 Kg8 75. Ra7 Nh7 76. Rb7 Nf8 77. Rc7 Nh7 78. Ra7 Nf8 79. h6
gxh6 80. Kf6 Nh7+ 81. Kg6 Nf8+ 82. Kxh6 Ne6 83. Kg6 Kf8 84. Kf6 Nd8 85. Re7 Nc6
86. Rh7 Ke8 87. Ke6 Nd8+ 88. Kf6 Nc6 89. Rc7 Nd8 90. Ke5 Kf8 91. Kd6 Nf7+ 92.
Ke6 Nd8+ 93. Kf6 Ke8 94. Re7+ Kf8 95. Re1 Nf7 96. Rh1 Ke8 97. Rh7 Nd8 98. Ke5
Kf8 99. Kf5 Ke8 100. Kf6 Nc6 101. Rh1 Kd7 102. Rc1 Kd6 103. Rd1+ Kc5 104. Ke6
Nd4+ 105. Ke5 Nc6+ 106. Ke4 Ne7 107. Rd7 Nc6 108. Rh7 Kd6 109. Rh6+ Kc5 110. Kd3
Kd5 111. Rh5+ Ne5+ 112. Ke3 Kd6 113. Ke4 Nc6 114. Rb5 Ne7 115. Rb6+ Kc5 116. Rb1
Kd6 117. Rh1 Kc5 118. Rc1+ Kd6 119. Rd1+ Kc5 120. Rc1+ 1/2-1/2

[Event "World Rapid Women 2025"]
[Site "Doha QAT"]
[Date "2025.12.28"]
[Round "9.33"]
[White "Mammadova, Gulnar"]
[Black "Li, Xueyi"]
[Result "1/2-1/2"]
[WhiteTitle "IM"]
[BlackTitle "WGM"]
[WhiteElo "2330"]
[BlackElo "2202"]
[WhiteFideId "13403508"]
[BlackFideId "8605912"]
[EventDate "2025.12.26"]

1. e4 c5 2. Nf3 d6 3. Bb5+ Nd7 4. a4 Nf6 5. Nc3 g6 6. O-O Bg7 7. Re1 O-O 8. a5
a6 9. Bf1 b5 10. axb6 Bb7 11. d3 Nxb6 12. Bg5 h6 13. Bd2 Nfd7 14. h4 Kh7 15. h5
e5 16. g3 Nf6 17. hxg6+ fxg6 18. Bh3 Bc8 19. Bxc8 Qxc8 20. Kg2 Nh5 21. Rh1 Ra7
22. Nh4 Raf7 23. Be3 Nf6 24. Nf3 Nh5 25. Rxh5 gxh5 26. Nh4 Qg4 27. Qxg4 hxg4 28.
Rxa6 Rb7 29. Nf5 Ra8 30. Nxd6 Rxa6 31. Nxb7 c4 32. Nc5 Ra1 33. Nd5 Nxd5 34. exd5
cxd3 35. cxd3 Bf8 36. Nd7 Bd6 37. Nf6+ Kg6 38. Nxg4 h5 39. Nh2 Rb1 40. Nf3 Rxb2
41. d4 exd4 42. Nxd4 Ra2 43. Kf3 Ra5 44. Ke4 Ra4 45. Kd3 Ra3+ 46. Ke4 Ra4 47. f4
Bc5 48. Ke5 Kf7 49. d6 Ra3 50. Bf2 Bxd4+ 51. Kxd4 Ke6 52. Ke4 Kxd6 53. Kf5 Ra5+
54. Kg6 Ke6 55. Bd4 Ra3 56. Bf2 Rf3 57. Be1 Rf1 58. Bc3 Rg1 59. f5+ Kd5 60. Kxh5
Rxg3 61. Bb2 Rg2 62. Bc3 Rg3 1/2-1/2